[Event "CZE-tht Extraliga 2018-19"]
[Site "Czech Republic"]
[Date "2018.11.03"]
[Round "1"]
[White "Kociscak, Jiri"]
[Black "Harikrishna, Pentala"]
[Result "0-1"]
[WhiteElo "2486"]
[BlackElo "2733"]
[Annotator "TA"]
[PlyCount "92"]
[EventDate "2018.11.03"]
[EventType "team-tourn"]
[EventCountry "CZE"]
[SourceTitle "playchess.com"]
[Source "ChessBase"]
[SourceQuality "1"]
[WhiteTeam "Labortech Ostrava"]
[BlackTeam "1. Novoborsky SK"]

{[%evp 13,92,6,12,0,0,0,0,0,0,0,0,0,0,0,0,0,0,-44,-41,-51,-61,-54,-58,-63,-54,-56,-66,-65,-66,-58,-35,-103,-100,-82,-47,-66,-60,-67,-61,-50,-28,-41,-44,-47,-23,-114,-61,-93,-79,-153,-145,-150,-183,-167,-151,-148,-128,-158,-102,-84,-64,-58,-58,-87,-47,-46,-47,-55,-51,-51,-50,-51,-45,-42,-40,-43,-43,-52,-52,-43,-29]} 1. d4 Nf6 2. c4 e6 3. Nf3 b6 4. Bf4 Bb7 5. e3 Be7 6. h3 O-O 7. Nc3 Bb4 {LiveBook: 3 Games. E12: Queen's Indian: Unusual White 4th moves, 4 a3, 4 Nc3 Bb7 5 a3 and 4 Nc3 Bb7} (7... d6 8. Bd3 c5 9. O-O Nbd7 10. Bh2 a6 11. Qe2 Rc8 12. Rac1 Re8 13. e4 cxd4 14. Nxd4 Ne5 15. Rfd1 Nxd3 16. Qxd3 {½-½ (82) Olszewski,M (2538)-Socko,B (2593) Zgierz 2018}) 8. Qb3 a5 9. a3 a4 {The position is equal.} 10. Qc2 ({Reject} 10. Qxb4 Nc6 $17) 10... Bxc3+ 11. Qxc3 d6 12. Be2 Nbd7 13. O-O Ne4 14. Qc2 f5 15. Nd2 $146 ({Predecessor:} 15. Rad1) 15... e5 $36 {[%mdl 2048] Black fights for an advantage.} 16. Bh2 Nxd2 17. Qxd2 Qg5 {[%csl Gb7][%cal Rg5g2]} 18. f3 exd4 $1 19. Qxd4 Rae8 20. Bf4 Qe7 21. Bd1 Nc5 22. Qc3 (22. Bg3 $15) 22... Bc6 $17 23. Re1 Qh4 24. Kh2 $1 Re6 25. Bg3 Qe7 26. Bc2 Rg6 27. Qd4 Ne6 28. Qd2 Ng5 {[%cal Be6g5,Bg5f7,Bf7e5,Be5d3][%mdl 32]} 29. e4 (29. Rf1 $11) 29... f4 (29... fxe4 $17 {Hoping for ...Nxf3+!} 30. f4 Nf7) 30. Bf2 $1 $15 ({Don't go for} 30. Bxf4 $2 Nxf3+ $1 {[%mdl 512]} 31. gxf3 Qh4 $19) 30... Rh6 {Strongly threatening ...Rxh3+!} 31. h4 {[#]} (31. Bd1 $142) 31... Nf7 $1 $17 32. e5 Nxe5 33. Be4 Bxe4 ({Not} 33... Nxc4 34. Qd4 $11) 34. Rxe4 Qf7 35. Qd5 Qxd5 ({Better is} 35... Rh5 36. Qxf7+ Rxf7) 36. cxd5 Nd3 37. Bd4 Rxh4+ 38. Kg1 Rf5 {White must now prevent ...Rfh5.} 39. Rd1 {Black is slightly better.} Ne5 40. Bxe5 Rxe5 41. Rxa4 $15 {[%mdl 4096] Endgame KRR-KRR} Rhh5 42. Rc1 Re7 43. Ra7 Rxd5 {And now ...Rc5 would win.} 44. Rcxc7 Rxc7 45. Rxc7 b5 46. Rb7 h5 {[%mdl 32768] Precision: White = 56%, Black = 71%. . Loss on Time!?} 0-1

[Event "CZE-tht Extraliga 2018-19"]
[Site "Czech Republic"]
[Date "2018.11.03"]
[Round "1"]
[White "Bernasek, Jan"]
[Black "Murdzia, Piotr"]
[Result "1-0"]
[WhiteElo "2477"]
[BlackElo "2417"]
[Annotator "TA"]
[PlyCount "114"]
[EventDate "2018.11.03"]
[EventType "team-tourn"]
[EventCountry "CZE"]
[SourceTitle "playchess.com"]
[Source "ChessBase"]
[SourceQuality "1"]
[WhiteTeam "Siesta Solution Unichess A"]
[BlackTeam "SK Slavoj Poruba"]

{[%evp 23,114,-34,-28,-72,-60,-75,-32,-23,-23,-31,-24,-27,8,14,37,37,37,35,37,3,4,4,4,4,6,9,10,0,14,19,8,11,26,29,27,32,33,24,26,23,17,0,70,67,68,68,89,21,20,21,24,13,23,13,24,24,21,26,57,56,56,54,65,48,37,38,70,70,70,77,85,77,91,83,89,85,106,77,80,69,187,65,225,225,225,225,406,404,374,361,706,653,671]} 1. Nf3 Nf6 2. g3 d5 3. Bg2 e6 4. O-O Be7 5. d3 c5 6. Nbd2 O-O 7. e4 Nc6 8. Re1 Qc7 9. c3 b6 10. Qe2 {C00: French: Unusual White 2nd moves} a5 11. e5 Nd7 12. Nf1 Ba6 {LiveBook: 5 Games} (12... a4 13. Bf4 Bb7 14. h4 Rfc8 15. Ne3 Qd8 16. h5 b5 17. Nxd5 exd5 18. e6 Nf8 19. exf7+ Kxf7 {0-1 (37) Morozevich,A (2675)-Hou,Y (2666) Biel 2017 CBM 180 [Sumets,A]}) 13. c4 $146 ({Predecessor:} 13. Bf4 d4 14. c4 b5 15. cxb5 Bxb5 16. Rac1 Qa7 17. a3 Qa6 18. Red1 Rac8 19. h4 {1-0 (61) Petkov,V (2517)-Santos,A (2256) Figueira da Foz 2016}) 13... dxc4 14. dxc4 Nd4 15. Nxd4 cxd4 16. b3 Rad8 17. Bb2 Bb4 18. Red1 Bc3 19. Bxc3 dxc3 20. f4 Nc5 21. Qc2 b5 22. Qxc3 {White wants to play Rxd8.} bxc4 23. bxc4 Na4 24. Qb3 Qc5+ 25. Qe3 Qxc4 26. Rdc1 Qd4 27. Rab1 {[%cal Ba1b1,Bb1b3,Bb3a3][%mdl 32]} Bd3 28. Rb3 Bc4 29. Ra3 $36 {[%mdl 2048] White has some pressure.} Bb5 30. Qxd4 Rxd4 31. Rc7 Rd7 32. Rc1 Rd3 (32... Rd4 $11) 33. Rb3 $14 Rxb3 34. axb3 Nb2 {[#]} 35. Ra1 (35. Rb1 $1 $16 {[%cal Rb1b2]} Nd3 36. Ra1) 35... a4 $11 36. Ra2 Nd1 $1 37. Ra3 Nc3 38. Nd2 Rd8 39. bxa4 Nxa4 40. Ne4 h6 41. Nd6 Bd7 42. Rb3 f6 43. Rb7 fxe5 44. fxe5 Nc5 45. Rc7 Na6 $1 {[%cal Ra6c7]} 46. Rc4 $1 Rf8 47. Be4 Rd8 48. h4 Kf8 49. Kf2 Ke7 50. Ke3 Rf8 51. Bf3 Be8 (51... g5 $14) 52. Be2 (52. Nxe8 $18 Rxe8 53. Bb7) 52... Nb8 $2 (52... g5 $1 $14) 53. Rc7+ $18 Bd7 {[#]} 54. Bb5 $1 g5 $2 (54... Rd8 55. Kd4 h5) 55. hxg5 hxg5 {Black hopes to continue with ...Kd8.} 56. Rb7 Rd8 $2 (56... g4 57. Ne4 Rf3+ 58. Kd4 Rb3) 57. Ne4 Kf8 {Precision: White = 64%, Black = 35%.} 1-0

[Event "CZE-tht Extraliga 2018-19"]
[Site "Czech Republic"]
[Date "2018.11.03"]
[Round "1"]
[White "Zwardon, Vojtech"]
[Black "Oral, Tomas"]
[Result "1-0"]
[WhiteElo "2455"]
[BlackElo "2509"]
[Annotator "TA"]
[PlyCount "133"]
[EventDate "2018.11.03"]
[EventType "team-tourn"]
[EventCountry "CZE"]
[SourceTitle "playchess.com"]
[Source "ChessBase"]
[SourceQuality "1"]
[WhiteTeam "Beskydska sachova skola"]
[BlackTeam "Vystaviste Lysa nad Labem"]

{[%evp 20,133,0,0,4,0,0,0,0,0,0,-16,0,-5,0,-27,-22,-43,-17,-20,-16,-18,-22,-41,-37,-44,-46,-98,-97,-97,-93,-114,-95,-95,-95,-95,-95,-92,-91,-91,-91,-91,-91,-91,-90,-96,-89,-87,-89,-89,-86,-82,-67,-67,0,0,0,0,0,0,0,0,0,0,47,48,49,53,87,18,68,35,62,62,69,43,36,19,59,59,59,66,103,103,103,103,29965,29968,29969,29970,29970,29970,29970,29971,29971,29972,29972,29973,29973,29974,29974,29974,12834,7545,29982,29983,29983,29984,29984,29985,29985,29986,29986,29987,29986,29987]} 1. c4 Nf6 2. g3 d5 3. cxd5 Nxd5 4. Bg2 c5 5. Nc3 Nxc3 6. bxc3 Nc6 7. Rb1 e5 8. d3 Be7 9. Nf3 O-O 10. O-O Qc7 {A22: English Opening: 1...e5 2 Nc3 Nf6} (10... Rb8 11. Nd2 Be6 12. Bxc6 bxc6 13. Rxb8 Qxb8 14. Qa4 a5 15. Ba3 Qb5 16. Qc2 a4 17. Rb1 Qa5 18. c4 {½-½ (79) Korobov,A (2689)-Yu,Y (2721) Novi Sad 2016}) 11. Be3 {LiveBook: 5 Games} Rd8 12. Qa4 Bd7 {The position is equal.} 13. Qe4 Be6 14. Qa4 Bd7 15. Qb3 Na5 $146 ({Predecessor:} 15... b6 16. Nd2 Na5 17. Qb2 Bc6 18. Bxc6 Qxc6 19. c4 Qe6 20. Ne4 {1-0 (52) Nowak,M (2101)-Kozlowski,T (1858) Poznan 2018}) 16. Qb2 Bc6 17. Qc2 b6 18. Rfd1 Rac8 19. c4 Bf6 20. Bd2 Qd7 $36 {[%mdl 2048] And now ...Ba4 would win. Black is pushing.} 21. Bxa5 Ba4 22. Qd2 {aiming for Bc3.} Bxd1 23. Rxd1 (23. Bxb6 $15 axb6 24. Qxd1) 23... bxa5 $17 24. Qxa5 {[#]} e4 $1 {[%cal Re4f3][%mdl 512]} 25. Ne1 (25. dxe4 Qxd1+) 25... exd3 26. Nxd3 Qg4 27. Bb7 Rb8 ({Of course not} 27... Qxc4 $6 28. Rc1 $14) 28. Bf3 Qxc4 {Threatens to win with ...Qc2.} 29. Rc1 Qb5 30. Rxc5 Qxa5 31. Rxa5 Bd4 32. Kg2 Rb1 33. Ra6 Bb6 34. Ne5 Rdd1 35. Be4 Rb5 36. Nc4 g6 (36... Rd4 $15 37. Bd3 Rd7) 37. Bd3 $1 $11 Rb4 38. a3 $1 {[%cal Ra3b4,Ba2a3,Ba3a4,Ba4a5,Ba5a6][%mdl 32]} Ra1 39. Nxb6 Rxb6 40. Rxa7 {[%mdl 4096] Endgame KRR-KRB} Rb3 41. a4 Rb4 42. a5 h5 43. a6 Rb6 44. e4 (44. Rd7 $16) 44... Ra4 45. e5 (45. Rc7 $5 {[%cal Ra6a7]} Rbxa6 46. Bxa6 Rxa6 47. Rc3 $16) 45... Ra5 46. Bc4 Rc6 47. Bxf7+ Kf8 48. e6 Raxa6 49. Rxa6 Rxa6 50. Bxg6 {KR-KB} h4 {[#]} 51. Bf7 $1 Ra4 52. Kh3 Kg7 $2 {[%mdl 8192]} (52... hxg3 $16 53. hxg3 Ra3) 53. gxh4 Kf6 54. h5 Ra3+ 55. Kg4 Ra2 56. Kg3 Ra3+ 57. f3 {[%cal Bf2f3,Bf3f4,Bf4f5][%mdl 32]} Ra8 58. Kg4 Rh8 59. f4 Rh6 60. f5 Rh8 61. Bg6 Ra8 62. h6 {[%cal Bh5h6,Bh6h7][%mdl 32] White mates.} Ra4+ 63. Kh5 Ra2 64. h4 Ra8 65. h7 Rh8 66. Kh6 Rb8 67. Bf7 {Precision: White = 76%, Black = 45%.} 1-0

[Event "CZE-tht Extraliga 2018-19"]
[Site "Czech Republic"]
[Date "2018.11.03"]
[Round "1"]
[White "Jurcik, Marian"]
[Black "Londyn, Radek"]
[Result "1-0"]
[WhiteElo "2451"]
[BlackElo "2415"]
[Annotator "TA"]
[PlyCount "101"]
[EventDate "2018.11.03"]
[EventType "team-tourn"]
[EventCountry "CZE"]
[SourceTitle "playchess.com"]
[Source "ChessBase"]
[SourceQuality "1"]
[WhiteTeam "Siesta Solution Unichess A"]
[BlackTeam "SK Slavoj Poruba"]

{[%evp 14,101,43,7,14,8,10,0,0,-2,0,-2,0,0,0,0,0,0,22,0,0,0,19,-10,0,0,22,22,22,21,33,26,72,41,43,40,79,76,65,75,71,71,81,71,89,89,243,237,278,269,382,364,314,102,102,102,105,107,99,79,87,87,105,104,105,93,153,153,149,149,559,440,600,600,417,352,511,270,288,255,756,759,722,722,722,701,632,396,29971,29969]} 1. e4 e5 2. Nf3 Nc6 3. Bb5 Nf6 4. d3 Bc5 5. Bxc6 dxc6 6. Nbd2 {C65: Ruy Lopez: Berlin Defence (3...Nf6), unusual lines and 4 0-0 Bc5} Be6 7. O-O Nd7 {[%cal Bf6d7,Bd7f8,Bf8g6,Bg6e7][%mdl 32]} (7... Bd6 8. b3 O-O 9. Nc4 Bxc4 10. bxc4 Nd7 11. g3 b5 12. cxb5 cxb5 13. a4 a6 {½-½ (38) Giri,A (2782)-Aronian,L (2767) chess.com INT 2018}) 8. b3 {LiveBook: 6 Games. White is slightly better.} O-O 9. Nc4 $146 ({Predecessor:} 9. Bb2 f6 10. d4 Bd6 11. Qe2 Qe7 12. Nc4 Bg4 13. Qe3 Rae8 14. Rfe1 Bb4 {½-½ (14) Libiszewski,F (2518)-Korneev,O (2609) La Roda 2013}) 9... f6 10. Bb2 Re8 11. Ne3 Nf8 12. Nh4 Ng6 13. Nhf5 Ne7 14. Ng3 Qd7 15. Qf3 Ng6 16. Ngf5 Ne7 17. Ng3 Ng6 18. Ne2 b6 19. Rad1 Bxe3 20. Qxe3 c5 21. f4 {Threatens to win with f5.} Bg4 22. fxe5 fxe5 23. Rde1 Rf8 24. Nc1 Rf4 25. Qg3 $1 Re8 26. h3 $1 {[%cal Bh2h3,Bh3h4,Bh4h5][%mdl 32] Strongly threatening Rxf4.} Be6 27. Ne2 Rxf1+ 28. Rxf1 Qd6 29. h4 {Black must now prevent h5.} Bf7 $2 (29... Bd7 $16) 30. Rf5 $1 $18 c4 {[#]} 31. h5 $1 {[%cal Rh5g6]} (31. bxc4 Qb4 $14) 31... cxd3 (31... c3 $142 32. Bxc3 (32. hxg6 hxg6 33. Ba3 Qxa3 $14) 32... Nf4 33. Nxf4 Qc5+ 34. d4 exf4 35. Qxg7+ (35. dxc5 fxg3 36. Rg5 g6 $16) 35... Kxg7 36. dxc5+ Kg8) 32. cxd3 ({Stronger than} 32. hxg6 hxg6 33. Rf2 (33. Bxe5 $2 Rxe5 34. Rf2 dxe2 $19) 33... dxe2 $15) 32... Qc5+ {[#]} 33. Qf2 $2 (33. Kf1 $1 $18 {is the precise move to win.}) 33... Qxf2+ $16 34. Kxf2 Nf4 35. Nxf4 exf4 {[%mdl 4096] Endgame KRB-KRB} 36. Kf3 Rd8 37. d4 {[%cal Bd3d4,Bd4d5,Bd5c6,Bc6c7][%mdl 32]} ({Reject} 37. Rxf4 $6 Rxd3+ 38. Ke2 Rg3 $15) 37... g6 38. hxg6 Bxg6 39. Rxf4 Rf8 (39... c6 $142 40. Ke3 Rf8) 40. d5 Rxf4+ 41. Kxf4 {KB-KB} Kf7 $2 {[%mdl 8192]} (41... Be8 $16 {is tougher.} 42. Be5 c6) 42. Be5 $18 c6 43. dxc6 {c7 would kill now.} Ke6 44. b4 b5 (44... Bf7 {was called for.} 45. a3 b5) 45. Ke3 Be8 46. c7 Bd7 $2 (46... Kd7 47. a3 Bh5) 47. Kd4 Bc8 48. Bf4 Bb7 49. Kc5 Kd7 50. Kxb5 Bxe4 $2 (50... Bc8 $18 51. a3 Bb7) 51. Ka6 {Precision: White = 64%, Black = 33%.} 1-0

[Event "CZE-tht Extraliga 2018-19"]
[Site "Czech Republic"]
[Date "2018.11.03"]
[Round "1"]
[White "Kraus, Tomas"]
[Black "Blahynka, Martin"]
[Result "1-0"]
[WhiteElo "2451"]
[BlackElo "2426"]
[Annotator "TA"]
[PlyCount "65"]
[EventDate "2018.11.03"]
[EventType "team-tourn"]
[EventCountry "CZE"]
[SourceTitle "playchess.com"]
[Source "ChessBase"]
[SourceQuality "1"]
[WhiteTeam "SK ZIKUDA Turnov"]
[BlackTeam "SK DURAS BVK Kralovo Pole"]

{[%evp 20,65,21,15,38,26,35,26,49,40,47,58,75,85,85,35,49,36,71,81,60,63,49,50,85,78,104,98,129,125,122,85,118,93,181,171,151,102,107,107,269,268,254,268,262,253,743,753]} 1. e4 e5 2. Nf3 Nc6 3. d4 exd4 4. Nxd4 Bc5 5. Nxc6 Qf6 6. Qf3 dxc6 7. Bc4 {C45: Scotch Game} (7. Nc3 Be6 8. Qg3 O-O-O 9. Be3 Bxe3 10. Qxe3 Kb8 11. f4 Qe7 12. Bd3 Nh6 13. O-O-O f6 14. g3 Nf7 {½-½ (29) Nepomniachtchi,I (2766)-Carlsen,M (2851) Leuven 2017}) 7... Be6 8. Qxf6 Nxf6 9. Bxe6 fxe6 10. f3 O-O-O 11. Nd2 {LiveBook: 3 Games} Rhg8 12. Nb3 Bd6 $146 ({Predecessor:} 12... Be7 13. Be3 g5 14. h3 Nh5 {1-0 (56) Grinblat,A (1983)-Turkova,K (2023) Liptovsky Mikulas 2012}) 13. Be3 Be5 14. c3 g5 15. Nc5 (15. Bxa7 $2 b6 $19) 15... Rde8 16. Nd3 Nd7 17. g3 {[%cal Bg2g3,Bg3g4,Bg4g5][%mdl 32]} (17. Bxa7 b6 $17) 17... Bd6 18. Ke2 (18. Bxa7 b6 $17) 18... e5 19. g4 ({Weaker is} 19. Bxa7 b6 $17) 19... Be7 20. h4 ({Worse is} 20. Bxa7 b6 $17) 20... gxh4 21. Rag1 Bd8 22. g5 ({Wrong is} 22. Bxa7 $2 b6 $19) 22... Nf8 23. Rxh4 Re6 24. Rh5 b6 25. Rg4 Kb7 26. g6 Nxg6 {[#]} (26... hxg6 $16 27. Rxe5 Rxe5 28. Nxe5 Bf6) 27. Nxe5 $1 $18 {[%mdl 512]} Bf6 (27... Rxe5 28. Rxe5) 28. Nf7 Rg7 29. Ng5 $36 {[%mdl 2048] Keeping Black busy.} Ree7 $2 {[#]} (29... Bxg5 $16 30. Rgxg5 c5) 30. Nxh7 $1 {[%mdl 512]} Be5 (30... Rxh7 31. Rxh7) 31. Ng5 a5 32. Nh3 Nf8 $2 {[#]} (32... Bd6 33. Nf2 Re6) 33. Rxe5 $1 {[%mdl 512] Precision: White = 70%, Black = 23%.} 1-0

[Event "CZE-tht Extraliga 2018-19"]
[Site "Czech Republic"]
[Date "2018.11.03"]
[Round "1"]
[White "Jansa, Vlastimil"]
[Black "Szotkowski, Jakub"]
[Result "0-1"]
[WhiteElo "2433"]
[BlackElo "2348"]
[Annotator "TA"]
[PlyCount "74"]
[EventDate "2018.11.03"]
[EventType "team-tourn"]
[EventCountry "CZE"]
[SourceTitle "playchess.com"]
[Source "ChessBase"]
[SourceQuality "1"]
[WhiteTeam "Vystaviste Lysa nad Labem"]
[BlackTeam "Beskydska sachova skola"]

{[%evp 11,74,0,14,10,13,0,9,0,33,35,35,18,53,42,47,0,66,28,57,33,36,23,22,18,44,0,20,12,41,35,47,12,8,8,-8,-26,-7,-46,-37,-80,-64,-140,-141,-319,-314,-297,-284,-412,-427,-414,-377,-614,-602,-903,-904,-1143,-1077,-1049,-553,-1050,-1046,-1112,-1088,-925,-916]} 1. e4 c6 2. d3 d5 3. Nd2 Nf6 4. Ngf3 Bg4 5. h3 Bxf3 6. Qxf3 Nbd7 {LiveBook: 4 Partien. B10: Caro-Kann-Verteidigung} 7. g4 (7. g3 e6 8. Bg2 Be7 9. Qe2 Qc7 10. O-O h5 11. f4 dxe4 12. dxe4 e5 13. Nc4 b5 14. Nxe5 Nxe5 15. fxe5 {1-0 (26) Grigoryan,K (2571)-Causo,D (2279) Hong Kong 2017}) 7... h6 8. Bg2 e6 {Die Stellung ist ausgeglichen.} 9. Qg3 $146 ({Vorgänger:} 9. Qe2 Qc7 10. O-O Bd6 11. d4 dxe4 12. Nxe4 Nxe4 13. Qxe4 Nf6 14. Qf3 {1-0 (41) Dvalishvili,P (2432)-Tsybulnik,A (2194) Tula 2003}) 9... Qb8 (9... e5 {is interesting.} 10. exd5 Nxd5 11. Nc4 Qc7 12. Bd2 f6) 10. Qxb8+ Rxb8 11. f4 Bc5 12. e5 Ng8 13. Nf3 b5 ({Besser ist} 13... h5 $1 $11) 14. Bd2 {[%cal Bc1d2,Bd2e1,Be1h4,Bh4f6][%mdl 32]} Ne7 15. O-O-O Bb6 16. Rde1 g6 17. Re2 c5 18. Be1 c4 19. d4 Rc8 20. c3 Nb8 21. Bh4 Nbc6 22. Bf6 Rg8 $1 23. h4 Kd7 24. Bh3 b4 25. Rf1 a5 {[%cal Ba7a5,Ba5a4][%mdl 32]} 26. Ne1 (26. h5 $15) 26... a4 $17 27. a3 $2 {[#]} (27. Nc2 $17 {war nötig.}) 27... bxa3 $19 28. bxa3 Ba5 29. Rf3 (29. Re3 {ist eine bessere Verteidigung.} Rb8 30. Nc2) 29... Rb8 {[%cal Bc8b8,Bb8b3,Bb3b2][%mdl 32]} 30. Nc2 Rb3 31. Ree3 $2 (31. Kd2 Rgb8 32. f5) 31... Rgb8 {Schwarz steht klar auf Gewinn.} 32. Kd2 Rb2 {[#] Droht ...Sxd4 und aus.} 33. Bxe7 Kxe7 34. Kc1 Rb1+ 35. Kd2 R8b2 {( -> ...Sxd4)} 36. Rf1 Rxf1 37. Bxf1 Nxd4 {Precision: Weiß = 43%, Schwarz = 57%.} 0-1

[Event "CZE-tht Extraliga 2018-19"]
[Site "Czech Republic"]
[Date "2018.11.03"]
[Round "1"]
[White "Kislinsky, Alexey"]
[Black "Rausis, Igors"]
[Result "1/2-1/2"]
[WhiteElo "2430"]
[BlackElo "2651"]
[Annotator "TA"]
[PlyCount "41"]
[EventDate "2018.11.03"]
[EventType "team-tourn"]
[EventCountry "CZE"]
[SourceTitle "playchess.com"]
[Source "ChessBase"]
[SourceQuality "1"]

{[%evp 29,32,45,25,35,20]} 1. e4 c6 2. d4 d5 3. exd5 cxd5 4. c4 Nf6 5. Nc3 Nc6 6. Nf3 Bg4 7. cxd5 Nxd5 8. Qb3 Bxf3 9. gxf3 e6 10. Qxb7 Nxd4 11. Bb5+ Nxb5 12. Qc6+ Ke7 13. Qc5+ {B13: Caro-Kann: Exchange Variation and Panov-Botvinnik Attack} (13. Qxb5 Nxc3 14. bxc3 Qd7 15. Rb1 Rd8 16. Be3 Qxb5 17. Rxb5 Rd7 18. Ke2 g6 19. Bc5+ Kf6 20. Bd4+ Rxd4 21. cxd4 Bh6 22. Rhb1 Rd8 {1-0 (38) Ivanchuk,V (2738)-Vachier Lagrave,M (2796) Leuven 2017}) 13... Qd6 14. Nxd5+ exd5 15. Qxb5 Rb8 {LiveBook: 4 Games} 16. Qd3 Kd7 {Predecessor:} 17. Be3 $146 Rxb2 18. Rd1 Qe6 19. O-O Bd6 20. Qxd5 Qxd5 21. Rxd5 {1-0 (59) Vykouk,J (2430)-Cernousek,L (2464) Ceske Budejovice 2017} 1/2-1/2

[Event "CZE-tht Extraliga 2018-19"]
[Site "Czech Republic"]
[Date "2018.11.03"]
[Round "1"]
[White "Neuman, Petr"]
[Black "Vymazal, Bronislav"]
[Result "1/2-1/2"]
[WhiteElo "2427"]
[BlackElo "2330"]
[Annotator "TA"]
[PlyCount "47"]
[EventDate "2018.11.03"]
[EventType "team-tourn"]
[EventCountry "CZE"]
[SourceTitle "playchess.com"]
[Source "ChessBase"]
[SourceQuality "1"]
[WhiteTeam "GASCO Pardubice"]
[BlackTeam "Moravska Slavia Brno"]

{[%evp 14,47,16,14,33,32,32,0,0,-28,35,31,94,43,39,38,47,26,30,33,36,36,37,26,22,0,34,16,32,0,0,0,0,-17,41,-14]} 1. e4 c5 2. Nf3 d6 3. d4 cxd4 4. Qxd4 a6 5. Bg5 Nc6 6. Qd2 Nf6 7. Nc3 e6 8. O-O-O {LiveBook: 65 Games} Qa5 {B53: Sicilian: 2...d6: Lines with Qxd4} (8... h6 9. Bxf6 Qxf6 10. h4 Be7 11. Be2 b5 12. g4 g6 13. Qe3 Rb8 14. g5 Qg7 15. a3 b4 16. axb4 Rxb4 {1-0 (58) Paichadze,L (2568)-Duda,J (2693) Minsk 2017}) 9. Bc4 Be7 10. Bb3 O-O {The position is equal.} 11. Kb1 Qc7 $146 (11... Rd8 $11) ({Predecessor:} 11... Rd8 12. h4 Bd7 13. Nd4 {1-0 (73) Kana,P (2195)-Dobes,L (2145) Czechia 1995}) 12. Bxf6 $14 gxf6 (12... Bxf6 $14 13. Qxd6 Qxd6 14. Rxd6 Ne5) 13. Nd4 (13. h4 $16 Ne5 14. Nd4) 13... Nxd4 14. Qxd4 Qc5 15. Qd2 b5 16. f4 {[%cal Bf2f4,Bf4f5][%mdl 32]} a5 17. a4 Bd7 18. f5 {Black must now prevent fxe6.} ({But not} 18. Nxb5 Bxb5 19. axb5 a4 $15) 18... bxa4 $1 19. Bxa4 Bxa4 20. Nxa4 Qe5 21. Qd4 Rab8 {aiming for ...Rb4.} 22. Qxe5 fxe5 23. b3 Rfd8 (23... Rfc8 $11) 24. Rd3 {Precision: White = 39%, Black = 48%.} (24. Rhf1 $14) 1/2-1/2

[Event "CZE-tht Extraliga 2018-19"]
[Site "Czech Republic"]
[Date "2018.11.03"]
[Round "1"]
[White "Velicka, Petr"]
[Black "Vidit, Santosh Gujrathi"]
[Result "1/2-1/2"]
[WhiteElo "2423"]
[BlackElo "2711"]
[Annotator "TA"]
[PlyCount "79"]
[EventDate "2018.11.03"]
[EventType "team-tourn"]
[EventCountry "CZE"]
[SourceTitle "playchess.com"]
[Source "ChessBase"]
[SourceQuality "1"]
[WhiteTeam "Labortech Ostrava"]
[BlackTeam "1. Novoborsky SK"]

{[%evp 38,79,12,20,21,29,26,6,12,0,6,0,0,0,0,0,0,-37,-22,-37,-37,-37,-14,-14,0,0,0,0,0,0,0,0,0,0,0,0,0,0,0,0,0,0,12,12]} 1. e4 c5 2. Nf3 e6 3. d4 cxd4 4. Nxd4 Nf6 5. Nc3 Nc6 6. Nxc6 bxc6 7. e5 Nd5 8. Ne4 Qc7 9. f4 Qb6 10. c4 Bb4+ 11. Ke2 f5 12. Nf2 Ba6 13. Kf3 Ne7 14. Be3 Bc5 15. Bxc5 Qxc5 16. Qd6 Qb6 17. b3 c5 18. Rd1 Bb7+ 19. Ke3 {B45: Sicilian Four Knights} (19. Kg3 Qxd6 20. exd6 Ng8 21. Nd3 Rc8 22. Be2 Nh6 23. Bh5+ g6 24. Bf3 Bxf3 25. gxf3 Nf7 26. h4 O-O {1-0 (53) Fedorchuk,S (2633)-Petrov,M (2477) Tournefeuille 2009}) 19... Qxd6 20. exd6 {LiveBook: 3 Games} Ng6 21. Nd3 Rc8 22. h4 {With the idea h5.} h5 {[#]} 23. Rh3 $146 ({Predecessor:} 23. Be2 Be4 24. Nf2 Bxg2 25. Rhg1 Nxh4 26. Nd3 g5 27. fxg5 {½-½ (41) Kluegel,J (2505)-Krzyzanowski,A (2359) ICCF email 2016}) 23... Be4 24. Ne5 Nxe5 25. fxe5 Kf7 26. Kf4 a5 27. a4 Rb8 {White should prevent ...Bc2.} 28. Rc1 Rh6 29. Be2 $1 Rbh8 30. Rg3 {The position is equal.} Rg6 31. Rxg6 Kxg6 $11 {[%mdl 4096] Endgame KRB-KRB} 32. Rc3 Kh6 33. Rg3 Rb8 {Hoping for ...Bc2.} 34. Bd1 g6 35. Ke3 Rb4 36. Kd2 Rb8 37. Kc3 Rf8 (37... f4 $5 38. Rg5 $8 Kh7 $11) 38. Bf3 Bxf3 39. gxf3 Rb8 40. f4 {Precision: White = 63%, Black = 74%.} 1/2-1/2